| 000 | 00423nam a22001577a 4500 | ||
|---|---|---|---|
| 003 | SGT | ||
| 020 | _a9789392787508 | ||
| 082 |
_a611 _bA22A |
||
| 100 | _aAneja, Prachi Saffar | ||
| 245 | _aAnatomy teaching diary for undergraduates students | ||
| 260 |
_aNew Delhi, India _bSelective & Scientific Books Publishers & Distributers _c2022 |
||
| 300 | _a94 | ||
| 650 | _aAnatomy | ||
| 700 | _aSaha, Susmita | ||
| 942 |
_2ddc _cBK |
||
| 999 |
_c24492 _d24492 |
||